Maine General Knowledge - Statistics

General Stats
  • This quiz has been taken 124 times
  • The average score is 7 of 15
Answer Stats
Hint Answer % Correct
Largest city, Historic city on the bay of Maine Portland
93%
Capital city beside the Kennebec River Augusta
81%
2nd largest city in Maine, former timber hub Bangor
78%
Major 47,000-acre national park in East Maine Acadia
76%
Major outdoor retail company HQed in Freeport L.L. Bean
64%
State nickname: ____ ____ State Pine Tree
60%
Small town and location of University of Maine Orono
47%
Bay on the Canada border, known for high tides Bay of Fundy
45%
deepest and second largest lake in the U.S. Sebago Lake
34%
Major bay in Maine, the bay where Portland sits Casco Bay
33%
District in portland known for historical buildings Old Port
31%
Historic mansion and landmark in Portland Victoria Mansion
28%
Most populous island along the above bay Peaks Island
26%
State park and historic site on the Penobscot Fort Knox
21%
Major state park on Cape Elizabeth, lighthouses Two Lights
21%
No matching quizzes found
Score Distribution
Percent of People with Each Score
Percentile by Number Answered
Your Score History
You have not taken this quiz